Československé zdravotnictví

Saved in:
Bibliographic Details
Main Author: Jirouš, Jaroslav
Format: Book
Language:Czech
Published: Praha Orbis 1976
Series:Socialistická státní politika
Tags: Add Tag
No Tags, Be the first to tag this record!

MARC

LEADER 00000nam a2200000 4500
001 0215297
005 20240109105731.2
041 0 |a cze 
044 |a CZ 
245 1 0 |a Československé zdravotnictví  |c Jaroslav Jirouš 
264 1 |a Praha  |b Orbis  |c 1976 
300 |a 161 s. 
490 1 |a Socialistická státní politika 
830 0 |a Socialistická státní politika 
100 1 |a Jirouš, Jaroslav